| 000 | 00736pam a2200253 a 4500 | ||
|---|---|---|---|
| 001 | 1983487 | ||
| 005 | 20240227052250.0 | ||
| 008 | 891219s1990 nyua b 001 0 eng | ||
| 020 | _a0195061187 | ||
| 020 | _a0195065174 (pbk.) | ||
| 040 |
_aDLC _cDLC _dDLC |
||
| 082 | 0 | 0 |
_a323.334. _220 _bWOM. |
| 245 | 0 | 0 |
_aWomen and social protest / _cedited by Guida West, Rhoda Lois Blumberg. |
| 260 |
_aNew York : _bOxford University Press, _c1990. |
||
| 300 | _ax, 406 p. : | ||
| 650 | 0 | _aWomen | |
| 650 | 0 | _aWomen's rights. | |
| 650 | 0 | _aSocial movements. | |
| 650 | 0 | _aFeminism. | |
| 700 | 1 |
_aWest, Guida. _eedt |
|
| 700 | 1 | _aBlumberg, Rhoda Lois. | |
| 856 | 4 | 2 | _uhttp://www.loc.gov/catdir/enhancements/fy0604/89078129-d.html |
| 942 | _cL | ||
| 999 |
_c501 _d501 |
||